| 000 | 00472nam a2200157 i 4500 | ||
|---|---|---|---|
| 001 | 36937 | ||
| 003 | ES-MaACL | ||
| 005 | 20230906155455.0 | ||
| 007 | t| | ||
| 008 | 030219s1908 sp ||||1| spa d | ||
| 100 | 1 |
_aBove, Salvador. _931112 |
|
| 245 | 1 | 3 |
_aEl sistema científico luliano ars magna / _cexposición y crítica por Salvador Bove. |
| 260 |
_aBarcelona : _b[s.n., _c1908] ( _fTip. Católica) |
||
| 300 |
_aLXVIII, 596 p. ; _c22 cm. |
||
| 852 |
_aES-MaACL _jC-1220 |
||
| 999 |
_c36937 _d36937 |
||